000
00256nam a22001097a 4500
082
_a
621 SCH'T
100
_a
SCHENCK, H
_9
59412
245
_a
THEORIES OF ENGINEERING EXPERIMENTATION
260
_a
NEWYORK
_b
MCGRAW HILL
_c
1961
300
_a
230P
942
_c
BK
999
_c
569404
_d
569404